000 00384nam a2200157Ia 4500
008 230917s9999||||xx |||||||||||||| ||und||
020 _cRS30
040 _e146132
_aMAIN
041 _aEnglish
082 _a320.947 K164S
100 _aKaul, T N
245 0 _aStalin to Gorbacghew and beyond
260 _aNew Delhi
_bLancer international
_c1991
300 _a301p. p.
942 _cBK
999 _c71404
_d71404